[Event "European U-18 Team Championship"]
[Site "Subotica Serbia and Montenegro"]
[Date "2007.07.13"]
[Round "6"]
[White "Kanmazalp, Ogulcan"]
[Black "Martinovic, Sasa"]
[Result "1-0"]
[WhiteElo "2093"]
[BlackElo "2371"]
[PlyCount "61"]
[EventDate "2007.07.08"]
[Source "MonRoi"]

1. e4 c5 2. Nf3 Nc6 3. Nc3 d6 4. d4 cxd4 5. Nxd4 Nf6 6. Bg5 e6 7. Qd2 a6 8.
O-O-O Bd7 9. f4 b5 10. Bxf6 gxf6 11. Kb1 Qb6 12. Nxc6 Bxc6 13. f5 b4 14. Ne2 e5
15. Ng3 h5 16. h4 Rd8 17. Bc4 a5 18. Qe2 Qc5 19. b3 Ke7 20. Nxh5 Bh6 21. Rh3 a4
22. g4 Rhg8 23. Nxf6 Kxf6 24. g5+ Bxg5 25. hxg5+ Rxg5 26. Rh7 Rf8 27. Qh2 Ke7
28. Qh4 Rfg8 29. Bxf7 Kf8 30. Bxg8 Qg1 31. Qh6+ 1-0

[Event "European U-18 Team Championship"]
[Site "Subotica Serbia and Montenegro"]
[Date "2007.07.08"]
[Round "1"]
[White "Altunkeser, Gozde"]
[Black "Ignacz, Maria"]
[Result "0-1"]
[WhiteElo "1913"]
[BlackElo "2242"]
[PlyCount "126"]
[EventDate "2007.07.08"]
[Source "MonRoi"]

1. e4 c5 2. Nf3 a6 3. c4 e6 4. d4 cxd4 5. Nxd4 Nf6 6. Nc3 Qc7 7. Be3 Bb4 8. f3
Bxc3+ 9. bxc3 O-O 10. Qd2 d5 11. exd5 exd5 12. c5 Nbd7 13. Nb3 Re8 14. Be2 Ne5
15. O-O Nc4 16. Bxc4 dxc4 17. Nc1 Bf5 18. Bd4 Nd7 19. Qg5 Bg6 20. Qd5 Rac8 21.
Qxc4 b5 22. Qd5 Nxc5 23. Nb3 Ne6 24. Be5 Qe7 25. Qd2 Red8 26. Qb2 Nc5 27. Bd4
Na4 28. Qc1 Qc7 29. Qe3 Re8 30. Qd2 Nxc3 31. Rfe1 Na4 32. Rac1 Qd7 33. Rxe8+
Rxe8 34. Re1 f6 35. Rxe8+ Bxe8 36. Qe3 Bf7 37. Nc1 Qe6 38. Qd2 Nb6 39. h3 Nc4
40. Qf4 Qd6 41. Qg4 Be6 42. Qe4 Qd5 43. Qf4 Qd6 44. Qe4 Kf7 45. Nb3 h6 46. Bc5
Qd5 47. Qxd5 Bxd5 48. Bb4 Ne5 49. Nc5 Bxa2 50. Nxa6 Nd3 51. Ba3 Bc4 52. Nb4 Nf4
53. Kf2 h5 54. h4 g5 55. Bc1 Ne2 56. Bd2 gxh4 57. Ke3 Ng3 58. Be1 Nf5+ 59. Kf4
Kg6 60. g4 hxg3 61. Nc2 h4 62. Kg4 Bf1 63. Bb4 h3 0-1

[Event "European Chess Team Championsh"]
[Site "Subotica"]
[Date "2007.07.09"]
[Round "2.4"]
[White "Dincel, Melodi"]
[Black "Lezhepekova, Veronika"]
[Result "1/2-1/2"]
[WhiteElo "1794"]
[BlackElo "1801"]
[PlyCount "116"]
[EventDate "2007.07.08"]

1. c4 Nf6 2. Nc3 g6 3. g3 Bg7 4. Bg2 c6 5. e4 d6 6. h3 e5 7. Nf3 Nbd7 8. d4 Qc7
9. O-O O-O 10. Re1 Re8 11. Be3 Nf8 12. Qc2 b6 13. Rad1 Bb7 14. b4 b5 15. dxe5
dxe5 16. Bc5 N6d7 17. Bd6 Qc8 18. Bf1 a6 19. a4 bxa4 20. Nxa4 a5 21. Qb3 axb4
22. Qxb4 Ba6 23. h4 Ra7 24. Qc3 f6 25. Bh3 Ne6 26. Rb1 c5 27. Nb6 Qc6 28. Nxd7
Rxd7 29. Bb8 Red8 30. Qa5 Bxc4 31. Rb6 Qc8 32. Rxe6 Qxb8 33. Rb6 Qc7 34. Bxd7
Qxd7 35. Qxc5 Qd3 36. Qe3 h5 37. Qxd3 Rxd3 38. Kg2 Rc3 39. Rc6 Bf1+ 40. Rxf1
Rxc6 41. Rd1 Rc4 42. Re1 Bh6 43. Re2 Kf7 44. Nh2 Ke6 45. f3 Bf8 46. g4 hxg4 47.
fxg4 Rc3 48. Nf3 Bh6 49. g5 fxg5 50. hxg5 Bf8 51. Nh4 Be7 52. Nxg6 Bxg5 53. Rf2
Bf4 54. Nxf4+ exf4 55. Rxf4 Ke5 56. Rg4 Re3 57. Kf2 Rxe4 58. Rxe4+ Kxe4 1/2-1/2

[Event "European Chess Team Championsh"]
[Site "Subotica"]
[Date "2007.07.10"]
[Round "3.4"]
[White "Gencer, Ozlem"]
[Black "Vince, Andrea"]
[Result "1-0"]
[WhiteElo "1927"]
[BlackElo "1990"]
[PlyCount "89"]
[EventDate "2007.07.08"]
[Source "MonRoi"]

1. e4 c5 2. Nf3 e6 3. Nc3 a6 4. d3 Nc6 5. g3 g6 6. Bg2 Bg7 7. O-O Nge7 8. h3
O-O 9. Be3 Nd4 10. Rb1 Nec6 11. Ne2 Nxf3+ 12. Bxf3 Nd4 13. Bg2 Qa5 14. c3 Nxe2+
15. Qxe2 d5 16. b4 cxb4 17. cxb4 Qb5 18. exd5 exd5 19. Qd2 Bf5 20. Rb3 d4 21.
Bf4 Rac8 22. Ra1 Be6 23. Rbb1 Rc3 24. a4 Qd7 25. h4 Rfc8 26. b5 Bf5 27. bxa6
bxa6 28. Bb7 Rf8 29. Bxa6 Qe6 30. Bc4 Qc6 31. Rb5 Rd8 32. Kh2 Qf3 33. Rd1 Re8
34. Re1 Rxe1 35. Rb8+ Bf8 36. Qxe1 g5 37. Bxg5 Be4 38. dxe4 Rc2 39. Kg1 Kg7 40.
Rb3 Qg4 41. Bd3 Ra2 42. a5 h6 43. Bf4 Qd7 44. Qc1 Kg8 45. Bxh6 1-0

[Event "European U-18 Team Championship"]
[Site "Subotica Serbia and Montenegr"]
[Date "2007.07.10"]
[Round "3"]
[White "Miladinovic, Lena"]
[Black "Dincel, Melodi"]
[Result "0-1"]
[WhiteElo "1815"]
[BlackElo "1794"]
[PlyCount "96"]
[EventDate "2007.07.08"]
[Source "MonRoi"]

1. e4 e6 2. d4 d5 3. Nd2 Nf6 4. e5 Nfd7 5. Bd3 c5 6. c3 Nc6 7. Ne2 Qb6 8. Nf3
cxd4 9. cxd4 f6 10. exf6 Nxf6 11. O-O Bd6 12. b3 Qc7 13. g3 O-O 14. Bf4 Nh5 15.
Bxd6 Qxd6 16. Nh4 e5 17. dxe5 Nxe5 18. Be4 Nf6 19. Bg2 g5 20. Nf3 Nxf3+ 21.
Bxf3 Bh3 22. Bg2 Bxg2 23. Kxg2 Rad8 24. Nd4 Ne4 25. Qd3 g4 26. a4 Qh6 27. Ne2
Qh3+ 28. Kg1 Rf6 29. f3 Rh6 30. Rf2 Nxf2 31. Kxf2 Qxh2+ 32. Ke3 gxf3 33. Kxf3
Qh5+ 34. Kg2 Qe5 35. Rd1 Rc6 36. Rd2 Rg6 37. Nf4 Rg5 38. Kh2 Qf5 39. Qe3 Qe5
40. Qd3 Qd6 41. Re2 Re5 42. Rd2 d4 43. Ng2 Rc5 44. Rc2 Rxc2 45. Qxc2 d3 46. Qd2
Rc8 47. Ne3 Qh6+ 48. Kg2 Rc2 0-1

[Event "European Chess Team Championsh"]
[Site "Subotica"]
[Date "2007.07.11"]
[Round "4.2"]
[White "Foisor, Sabina-Francesca"]
[Black "Altunkeser, Gozde"]
[Result "1-0"]
[WhiteElo "2346"]
[BlackElo "1913"]
[PlyCount "89"]
[EventDate "2007.07.08"]

1. d4 Nf6 2. c4 g6 3. Nc3 Bg7 4. e4 d6 5. f3 O-O 6. Be3 c6 7. Qd2 a6 8. O-O-O
b5 9. Bh6 Qa5 10. Bxg7 Kxg7 11. e5 dxe5 12. dxe5 Nfd7 13. h4 b4 14. Ne4 Qxa2
15. h5 b3 16. Nc3 Qa1+ 17. Nb1 Nxe5 18. hxg6 fxg6 19. Qc3 Nbd7 20. Rxd7 Bxd7
21. Qxe5+ Kg8 22. Bd3 Bf5 23. Bxf5 Rxf5 24. Qe6+ Rf7 25. Rxh7 Kxh7 26. Qxf7+
Kh8 27. Qxe7 Qa5 28. f4 Qb6 29. Nf3 Qf2 30. Qf6+ Kg8 31. Qxg6+ Kf8 32. Qf6+ Kg8
33. Qg5+ Kf8 34. Qf5+ Kg8 35. Qe6+ Kf8 36. Qd6+ Kg8 37. Qg6+ Kf8 38. Qd6+ Kg8
39. Qd1 Re8 40. Qxb3 Qf1+ 41. Kc2 Qe2+ 42. Nbd2 Re3 43. Qb8+ Re8 44. Qd6 Qxg2
45. Ng5 1-0

[Event "European Chess Team Championsh"]
[Site "Subotica"]
[Date "2007.07.11"]
[Round "4.2"]
[White "Gencer, Ozlem"]
[Black "Craciun, Paula-Iulia"]
[Result "0-1"]
[WhiteElo "1927"]
[BlackElo "2192"]
[PlyCount "112"]
[EventDate "2007.07.08"]

1. e4 c5 2. Nf3 Nc6 3. Nc3 g6 4. d3 Bg7 5. g3 d6 6. Bg2 e5 7. O-O Nge7 8. h3
O-O 9. Be3 h6 10. Qd2 Kh7 11. Nh2 f5 12. f4 b6 13. Rae1 Bb7 14. Nd5 Qd7 15. c4
Rae8 16. a3 Nd4 17. h4 b5 18. fxe5 dxe5 19. Nc3 a6 20. Nd5 fxe4 21. dxe4 bxc4
22. Rxf8 Rxf8 23. Nc3 Bc6 24. Rf1 Rxf1+ 25. Bxf1 Qe6 26. Be2 Ng8 27. Bg4 Qf7
28. Qg2 Nf6 29. Bd1 Qb7 30. Bf3 Nxf3+ 31. Qxf3 Nxe4 32. Nxe4 Bxe4 33. Qf2 Qb3
34. Bxc5 c3 35. bxc3 Qxc3 36. Bb4 Qd3 37. Nf1 Bc6 38. Ne3 Qe4 39. Ng2 Qd5 40.
Qd2 Qe4 41. Qf2 h5 42. Kh2 Qd5 43. Qd2 Qxd2 44. Bxd2 Bf8 45. Bc1 Bxg2 46. Kxg2
e4 47. g4 Kg7 48. gxh5 gxh5 49. Kg3 Bd6+ 50. Kf2 Kf6 51. Ke3 Kf5 52. Bb2 Bg3
53. Ke2 Bxh4 54. Bd4 Bg3 55. Kf1 h4 56. Kg2 Kg4 0-1

[Event "European U-18 Team Championship"]
[Site "Subotica Serbia and Montenegro"]
[Date "2007.07.13"]
[Round "6"]
[White "Gencer, Ozlem"]
[Black "Rakic, Marija"]
[Result "1/2-1/2"]
[WhiteElo "1927"]
[BlackElo "2247"]
[PlyCount "111"]
[EventDate "2007.07.08"]
[Source "MonRoi"]

1. e4 d6 2. Nc3 Nf6 3. d3 g6 4. g3 Bg7 5. Bg2 O-O 6. Nge2 e5 7. O-O c6 8. h3
Ne8 9. f4 exf4 10. gxf4 Qb6+ 11. Kh1 f5 12. Ng3 Be6 13. Qe2 Nd7 14. Nd1 Qd8 15.
exf5 Bxf5 16. Nxf5 gxf5 17. Qe6+ Kh8 18. Rg1 Nc5 19. Qe2 Qh4 20. Rb1 Nf6 21. b4
Rae8 22. Qf2 Qxf2 23. Nxf2 Ne6 24. b5 cxb5 25. Rxb5 b6 26. Rxf5 Nd4 27. Rg5 Ne2
28. Rd1 h6 29. Rg6 Kh7 30. f5 Nd4 31. Ne4 Nxf5 32. Nxf6+ Bxf6 33. Rg4 Ne3 34.
Bxe3 Rxe3 35. Rf1 Bg7 36. Rxf8 Bxf8 37. Kg1 Bg7 38. Kf2 Re5 39. Rc4 Rc5 40.
Rxc5 dxc5 41. Be4+ Kg8 42. Kf3 Kf7 43. Bf5 Ke7 44. Ke4 Kd6 45. c4 Kc6 46. a4
Kb7 47. Kd5 Ka6 48. Kc6 Be5 49. Bd7 Ka5 50. Kb7 a6 51. Kc6 Bf6 52. Be8 Bd8 53.
Kb7 Bg5 54. Bd7 Be3 55. Kc7 Bd4 56. Kb7 1/2-1/2

[Event "European U-18 Team Championship"]
[Site "Subotica Serbia and Montenegro"]
[Date "2007.07.13"]
[Round "6"]
[White "Eric, Jovana"]
[Black "Dincel, Melodi"]
[Result "0-1"]
[WhiteElo "2041"]
[BlackElo "1794"]
[PlyCount "120"]
[EventDate "2007.07.08"]
[Source "MonRoi"]

1. e4 e6 2. d4 d5 3. Nd2 Nf6 4. e5 Nfd7 5. Bd3 c5 6. c3 Nc6 7. Ne2 Qb6 8. Nf3
cxd4 9. cxd4 f6 10. exf6 Nxf6 11. O-O Bd6 12. b3 Qc7 13. Bb2 O-O 14. Ng3 e5 15.
dxe5 Nxe5 16. Nxe5 Bxe5 17. Rc1 Qd6 18. Bxe5 Qxe5 19. Re1 Qd6 20. Qc2 Rf7 21.
h3 Qf8 22. Re5 Bd7 23. Rce1 Rc8 24. Qb1 Qb4 25. Nf5 Ne4 26. Bxe4 dxe4 27. Ng3
Qd4 28. Qxe4 Qxf2+ 29. Kh2 Bc6 30. Qe2 Bxg2 31. Qxf2 Rxf2 32. R1e2 Rxe2 33.
Rxe2 Bf3 34. Rf2 Rf8 35. Rd2 Bc6 36. Re2 Rf4 37. Rd2 Kf7 38. Nh5 Rf3 39. Ng3 g6
40. Nh1 Rf1 41. Nf2 Re1 42. Nd3 Re3 43. Nb4 Ke6 44. Nc2 Re5 45. Nd4+ Ke7 46.
Kg3 Re3+ 47. Kf4 Rxh3 48. Re2+ Kd7 49. Kg5 Kd6 50. Kf6 Kc5 51. Ne6+ Kb4 52. Kg7
Rh1 53. Nf8 g5 54. Nxh7 g4 55. Re3 Rh3 56. Re1 g3 57. Ng5 Rh2 58. Ne6 g2 59.
Nf4 Rh1 60. Nxg2 Bxg2 0-1

[Event "European U-18 Team Championship"]
[Site "Subotica Serbia and Montenegro"]
[Date "2007.07.14"]
[Round "7"]
[White "Vojinovic, Jovana"]
[Black "Gencer, Ozlem"]
[Result "1-0"]
[WhiteElo "2217"]
[BlackElo "1927"]
[PlyCount "83"]
[EventDate "2007.07.08"]
[Source "MonRoi"]

1. d4 Nf6 2. c4 g6 3. Nc3 Bg7 4. e4 d6 5. Nf3 O-O 6. Be2 e5 7. Be3 Nc6 8. d5
Ne7 9. h4 h6 10. Nd2 Nh7 11. g4 Kh8 12. c5 f5 13. f3 f4 14. Bf2 Nf6 15. Nc4 Ne8
16. h5 g5 17. O-O Ng8 18. cxd6 cxd6 19. Nb5 b6 20. Qb3 Rf7 21. Qa3 Bf8 22. Rfc1
Ngf6 23. Bxb6 Qd7 24. Nxa7 Rxa7 25. Bxa7 Qxa7+ 26. Qxa7 Rxa7 27. Nxe5 dxe5 28.
Rxc8 Kg7 29. a3 Kf7 30. Rac1 Bd6 31. R8c6 Ke7 32. R1c3 Nd7 33. b4 Nb8 34. Rb6
Nd7 35. Rbc6 Nb8 36. Rc8 Nd7 37. Bb5 Nc7 38. Bc6 Nb6 39. Rh8 Na4 40. Rh7+ Kd8
41. Rd7+ Kc8 42. Bxa4 1-0

[Event "European U-18 Team Championship"]
[Site "Subotica Serbia and Montenegro"]
[Date "2007.07.14"]
[Round "7"]
[White "Dincel, Melodi"]
[Black "Neric, Jelena"]
[Result "1/2-1/2"]
[WhiteElo "1794"]
[BlackElo "1882"]
[PlyCount "71"]
[EventDate "2007.07.08"]
[Source "MonRoi"]

1. c4 Nf6 2. Nc3 e6 3. Nf3 d5 4. cxd5 exd5 5. d4 Bd6 6. Bg5 c6 7. e3 O-O 8. Qc2
Re8 9. Bd3 h6 10. Bh4 Be6 11. O-O Nbd7 12. Rab1 Qc7 13. Bg3 Rac8 14. b4 a6 15.
Bxd6 Qxd6 16. Rfc1 Bg4 17. Nd2 Nf8 18. Na4 Bh5 19. Nf1 Bg6 20. Ng3 Bxd3 21.
Qxd3 g6 22. Nc5 Rc7 23. a4 N8d7 24. Qb3 Rec8 25. Rc2 Nb6 26. Rbc1 Nc4 27. e4
Nd7 28. e5 Qe7 29. Nxd7 Qxd7 30. Qf3 Qe7 31. Qc3 Kh7 32. Nf1 Nb6 33. a5 Nc4 34.
Re2 Re8 35. Ne3 Nxe3 36. Rxe3 1/2-1/2